| 000 | 01216cam a22002535a 4500 | ||
|---|---|---|---|
| 001 | L148688 | ||
| 008 | 091020s2006 xxka f 001 0 eng d | ||
| 020 | _a9780861267788 | ||
| 035 | _a(Sirsi) u148688 | ||
| 041 | 0 | _aeng | |
| 050 | 0 | 4 | _a690.89 $2 18 |
| 100 | 1 | _aMcCormack, Tony | |
| 245 | 0 | 0 |
_aDriveways, paths and patios _ba complete guide to design, management and construction |
| 260 |
_aRamsbury _bCrowood _c2006 |
||
| 300 |
_a192p. _bcol. ill., plans _c26cm. |
||
| 350 | _a16.99 | ||
| 505 | 2 | _aA brief history of paying -- Spoiled for choice -- The design process -- DIY? Contractor? Cost -- Costing -- Tools -- Pavement layers -- Setting out -- Drainage -- Laying block paving -- Laying techniques for flags -- Laying other materials -- Steps, ramps, stepping stones and crazy paving -- Completion, remedial work and disputes | |
| 520 | _aThis book explains the design, planning and construction of driveways, paths and patios. It discusses the materials used for construction, explains how to estimate for costs and tools that are used in each process. Includes illustrations. | ||
| 521 | _aAdvanced | ||
| 590 | _aKA | ||
| 651 | 4 |
_aUnited Kingdom _y |
|
| 690 | _aBUILT ENVIRONMENT | ||
| 942 | _n0 | ||
| 999 |
_c110163 _d110163 |
||